Music Quiz

Random Music or Clip Quiz

Regurgitated Lyrics Quiz Stats

 Plays Quiz Retired Aug 4, 2021

Support Sporcle.
Go Orange.
Score 0/20 Timer 08:00
0 Plays Today
Time Song % Correct
0:12-0:25Single Ladies (Put a Ring on It)
88.3%
1:05-1:15Barbie Girl
84.5%
0:25-0:35Wannabe
80.3%
2:30-2:45Thriller
66.7%
1:40-1:55I'm Too Sexy
60.5%
0:50-1:05Y.M.C.A.
52.1%
3:05-3:15Boom Boom Pow
47.8%
1:30-1:40Nothing Compares 2 U
37.1%
2:45-2:55Ice Ice Baby
30.4%
2:15-2:30Hey Ya!
29.5%
Time Song % Correct
0:35-0:50Pour Some Sugar On Me
28.8%
1:15-1:30Bust A Move
27.9%
3:25-3:35Always On My Mind
24.6%
2:55-3:05Come As You Are
24.3%
0:00-0:12I Was Made For Lovin' You
19.9%
3:15-3:25Comfortably Numb
19.8%
3:35-3:45U Can't Touch This
14.4%
3:45-3:55She Bangs
12.9%
2:05-2:15Panama
12.7%
1:55-2:05Fade To Black
7%

From the Vault

Find the European Countries Beginning With 'M'

by PrincessMartell

Geography 45s
'M' is perfect for those who like to start in the middle.
Remove Ads.
Support Sporcle.
Get the best of Sporcle when you Go Orange. This ad-free experience offers more features, more stats, and more fun while also helping to support Sporcle. Thank you for becoming a member.

Show Comments

Extras

Top Quizzes Today


Score Distribution

Your Account Isn't Verified!

In order to create a playlist on Sporcle, you need to verify the email address you used during registration. Go to your Sporcle Settings to finish the process.

Report this User

Report this user for behavior that violates our Community Guidelines.

Details: